Kanha Priya : (Record no. 51431)

MARC details
000 -LEADER
fixed length control field 01600nam a22003257a 4500
005 - DATE AND TIME OF LATEST TRANSACTION
control field 20110405115537.0
010 ## - LCCN (DPL NO)
LC control number B-423720-721
020 ## - INTERNATIONAL STANDARD BOOK NUMBER
International Standard Book Number 9788173053535
Terms of availability 1250.00
020 ## - INTERNATIONAL STANDARD BOOK NUMBER
International Standard Book Number 8173053537
Terms of availability 1250.00
035 ## - SYSTEM CONTROL NUMBER
System control number B-423720-721
037 ## - SOURCE OF ACQUISITION
Stock number DPL
Source of stock number/acquisition Allied Publishers
082 04 - DEWEY DECIMAL CLASSIFICATION NUMBER
Classification number 759.954
100 1# - MAIN ENTRY--PERSONAL NAME
Personal name Dehejia, Harsha V.
245 10 - TITLE STATEMENT
Title Kanha Priya :
Remainder of title romantic moments in poetry and painting /
Statement of responsibility, etc Harsha V. Dehejia, Vijay Sharma
260 ## - PUBLICATION, DISTRIBUTION, ETC. (IMPRINT)
Place of publication, distribution, etc New Delhi :
Name of publisher, distributor, etc Aryan Books International,
Date of publication, distribution, etc 2009.
270 ## - ADDRESS
Address Pooja Apartments, 4B, Ansari Road
City New Delhi
Postal code 110002
300 ## - PHYSICAL DESCRIPTION
Extent [13] p., [12] leaves of plates :
Other physical details col. ill.
Dimensions 46 cm.(Hb)
500 ## - GENERAL NOTE
General note Parallel title on cover in Hindi.
650 #0 - SUBJECT ADDED ENTRY--TOPICAL TERM
Topical term or geographic name as entry element Krishna (Hindu deity)
Form subdivision Art.
650 #0 - SUBJECT ADDED ENTRY--TOPICAL TERM
Topical term or geographic name as entry element Rādhā (Hindu deity)
Form subdivision Art.
650 #0 - SUBJECT ADDED ENTRY--TOPICAL TERM
Topical term or geographic name as entry element Miniature painting, Indic.
650 #0 - SUBJECT ADDED ENTRY--TOPICAL TERM
Topical term or geographic name as entry element Love in art.
650 #0 - SUBJECT ADDED ENTRY--TOPICAL TERM
Topical term or geographic name as entry element Krishna (Hindu deity)
Form subdivision Poetry.
650 #0 - SUBJECT ADDED ENTRY--TOPICAL TERM
Topical term or geographic name as entry element Rādhā (Hindu deity)
Form subdivision Poetry.
700 1# - ADDED ENTRY--PERSONAL NAME
Personal name Sharma, Vijay,
9 (RLIN) 27068
942 ## - ADDED ENTRY ELEMENTS (KOHA)
Source of classification or shelving scheme Dewey Decimal Classification
Item type English Books
Classification part 759.954
Call number suffix DEH
Holdings
Withdrawn status Lost status Not for loan Collection code Home library Current library Date acquired Source of acquisition Cost, normal purchase price Full call number Barcode Copy number Cost, replacement price Koha item type
    Not For Loan Reference Central Library Central Library 10/08/2011 Allied Publishers/CR/0002704/17.3.11/75/4.3.11/17.3.11 1250.00 759.954 DEH B-423720 1 1250.00 English Books
    Not For Loan Reference Sarojini Nagar Sarojini Nagar 10/08/2011 Allied Publishers/CR/0002704/17.3.11/75/4.3.11/17.3.11 1250.00 759.954 DEH B-423721 1 1250.00 English Books

© Delhi Public Library
Hit Counter
free hit counter